Statistics for Car Companies By Headquarters

Click here to take the quiz!

General Stats

  • This quiz has been taken 32 times
  • The average score is 9 of 18

Answer Stats

HintAnswer% Correct
BMWMunich
96%
GMDetroit
92%
FordDetroit
92%
ChryslerDetroit
92%
PeugeotParis
83%
PorscheStuttgart
79%
Mercedes-BenzStuttgart
79%
FiatTurin
75%
HyundaiSeoul
71%
VolkswagenWolfsburg
46%
AudiIngolstadt
25%
ToyotaToyota
17%
Rolls-RoyceGoodwood
8%
FerrariMaranello
8%
BugattiMolsheim
4%
CitroenPoissy
4%
RenaultBoulogne-Billancourt
0%
SEATMartorell
0%

Score Distribution

Percentile by Number Answered

Percent of People with Each Score

Your Score History

You have not taken this quiz